Responses for Show #7352 - Tuesday, July 26, 2016

Pranjal Vachaspati game 6.

Contestants

[<< previous game]

Karen Lazar, a retired educator from Oceanside, New York

Monikka Mann, an innovation project manager from Katy, Texas

Pranjal Vachaspati, a Ph.D. student originally from Shaker Heights, Ohio (whose 5-day cash winnings total $121,688)

[next game >>]

Jeopardy! Round responses

CUPS
HYBRID WORDS
(Alex: Each correct response will have a Greek and a Latin root.)
BOOKS BY CHAPTER TITLES
THEY SERVED OUR COUNTRY
EARTHQUAKES & VOLCANOES
2016 PEOPLE'S CHOICE TV WINNERS
    $200 13
buttercup

Pranjal
    $200 21
automobile

Pranjal
    $200 20
(Pranjal: What is A Connecticut Yankee in King Arthur's Court?)

Don Quixote

Pranjal
Triple Stumper
    $200 26
(Karen: What is Chile?)

Ecuador

MonikkaKaren
    $200 3
The Big Bang Theory

Pranjal
    $400 12
(Pranjal: What are lovers' cups?)

loving cups

PranjalKaren
    $400 19
Moby-Dick

Karen
    $400 15
(John) McCain

Pranjal
    $400 25
(Pranjal: What is Dancing with the Stars?)

The Voice

PranjalKaren
    $600 9
the Holy Grail

Monikka
    $600 1
genocide

Pranjal
    $600 27
(Karen: What is Harry Potter and the Sorcerer's Stone?)
(Pranjal: What is Harry Potter 7?)
(Monikka: What is Harry Potter and the Half-Blood Prince?)
[The end-of-round signal sounds.]
(Alex: And with that, we're going to wrap up this round. We're going to check on your response, Pranjal. I do not know if that one was number 7.)
(Monikka: It was.)
(Alex: It was? Well, thank you very much, Monikka. Why didn't you say so in the first place?)
[Pranjal's response was maintained as incorrect after the break, since "we needed the title of that Harry Potter book; it wasn't enough to just say number 7"]

Harry Potter and the Deathly Hallows

PranjalMonikkaKaren
Triple Stumper
    $600 6
Gene Hackman

Monikka
    $600 23
(Pranjal: What is the Pacific?)
...
(Alex: With less than a minute to go now.)

the Indian Ocean

PranjalKaren
    $600 18
Castle

Pranjal
    $800 10
Passover

Monikka
    $2,800 17
hyperactivity

Pranjal
    $800 4
The Wizard of Oz

Monikka
    $800 22
(Jimmy) Stewart

Pranjal
    $800 2
Mauna Loa

Karen
    $800 5
Homeland

Pranjal
    $1000 11
the Grey Cup

Monikka
    $1000 16
geostationary

Pranjal
    $1000 8
(Alex: And the book is [*], by Jack London.)

White Fang

Triple Stumper
    $1000 24
(Earl) Warren

Pranjal
    $1000 14
Krakatoa

Monikka
    $1000 7
Scream Queens

Triple Stumper

Scores at the first commercial break (after clue 15):

Pranjal Monikka Karen
$1,800 $4,800 $1,200

Scores at the end of the Jeopardy! Round:

Pranjal Monikka Karen
$6,400 $4,400 $1,800

Double Jeopardy! Round responses

THE AMAZING SPACE-MAN
GOD SAVE THE ENGLISH KING!
THEOLOGY BRANCHES
POTPOURRI
ACTORS & ACTRESSES
WHAT A "HAM"
    $400 28
[The end-of-round signal sounds.]

John

Karen
    $400 16
(Pranjal: What is devilology?)

demonology

PranjalMonikka
    $400 7
Vitamin C

Pranjal
    $400 1
Paul Walker

Monikka
    $400 3
a hamper

Karen
    $800 26
(Jim) Lovell

Pranjal
    $800 27
the Tudors

Pranjal
    $800 13
Rice

Monikka
    $800 19
Sandra Bullock

Monikka
    $800 4
a hammock

Pranjal
    $3,800 8
Russian

Pranjal
    $1200 5
the parliament

Pranjal
    $1200 24
liberation theology

Pranjal
    $1200 25
a cosmopolitan

Monikka
    $1200 18
Steve McQueen

Karen
    $1200 11
the hammer & sickle

Pranjal
    $1600 23
(Monikka: What is a [*]...)
(Alex: Right.)
(Monikka: Ephedrine... Okay.)
[Laughter]
(Alex: Less than a minute to go now.)

a sinus decongestant

Monikka
    $1600 9
William (of Orange)

Pranjal
    $1600 21
salvation

Triple Stumper
    $1600 6
sturgeon

Karen
    $1600 17
Sela Ward

Karen
    $1600 2
Lionel Hampton

Karen
    $2000 20
payload

Pranjal
    $6,600 10
George IV

Pranjal
    $2000 22
(Pranjal: What is apology?)
(Monikka: What is apologism?)

apologetics

PranjalMonikka
Triple Stumper
    $2000 12
(Pranjal: What is the Punic War?)

the Peloponnesian War

PranjalKaren
    $2000 14
Katharine Hepburn

Karen
    $2000 15
Hampshire

Karen

Scores at the end of the Double Jeopardy! Round:

Pranjal Monikka Karen
$22,400 $7,600 $14,600

[wagering suggestions for these scores]

Final Jeopardy! Round responses

AMERICAN AUTHORS
MonikkaWho is Edgar Allen Poe?
$7,500
KarenWho was Mark Twan?
$12,600
PranjalWho was Thoreau?
$7,000
Edgar Allan Poe

Final scores:

Pranjal Monikka Karen
$15,400 $15,100 $2,000
6-day champion: $137,088 2nd place: $2,000 3rd place: $1,000

Game dynamics:

Coryat scores:

Pranjal Monikka Karen
$13,200 $7,600 $14,600
22 R
(including 3 DDs),
8 W
13 R,
2 W
14 R,
2 W

Combined Coryat: $35,400

[game clues] [game scores] [suggest correction]

Game tape date: 2016-04-28
The J! Archive is created by fans, for fans. Scraping, republication, monetization, and malicious use prohibited; this site may use cookies and collect identifying information. See terms. The Jeopardy! game show and all elements thereof, including but not limited to copyright and trademark thereto, are the property of Jeopardy Productions, Inc. and are protected under law. This website is not affiliated with, sponsored by, or operated by Jeopardy Productions, Inc. Join the discussion at JBoard.tv.